Sports Quiz

Random Sports or NBA Quiz

NBA Odd Team Out Quiz Stats

Quiz not verified by Sporcle

Challenge
Share
Tweet
Embed
Score 0/30 Timer 05:00
0 Plays Today
Question Answer Wrong Answers
Shaquille O'Neal Pacers
89.5%
Heat
0.8%
Lakers
1.6%
Magic
0%
Scottie Pippen Celtics
88.7%
Bulls
0%
Rockets
1.6%
Trail Blazers
3.2%
Steve Nash Pelicans
86.3%
Suns
0.8%
Mavericks
1.6%
Lakers
0.8%
Kevin Garnett Kings
85.5%
Nets
3.2%
Celtics
0.8%
Timberwolves
0.8%
Charles Barkley Nets
84.7%
Suns
1.6%
76ers
2.4%
Rockets
3.2%
Jason Kidd Thunder
83.9%
Mavericks
1.6%
Suns
2.4%
Knicks
4%
Gary Payton Clippers
82.3%
Sonics
3.2%
Lakers
2.4%
Heat
6.5%
Dikembe Mutombo Jazz
82.3%
Nuggets
1.6%
Hawks
4%
76ers
4.8%
Dennis Rodman Cavaliers
79%
Spurs
2.4%
Pistons
0%
Lakers
9.7%
Tracy McGrady Lakers
78.2%
Raptors
0.8%
Knicks
9.7%
Magic
3.2%
Grant Hill Hornets
76.6%
Pistons
3.2%
Magic
3.2%
Suns
8.9%
Latrell Sprewell Jazz
74.2%
Warriors
4.8%
Knicks
2.4%
Timberwolves
8.1%
Gilbert Arenas Bulls
70.2%
Warriors
13.7%
Wizards
1.6%
Magic
4%
Rasheed Wallace Grizzlies
65.3%
Trail Blazers
5.6%
Pistons
3.2%
Knicks
15.3%
Moses Malone Knicks
62.9%
76ers
2.4%
Hawks
8.9%
Spurs
16.1%
Dominique Wilkins Pacers
61.3%
Hawks
2.4%
Celtics
14.5%
Magic
13.7%
Robert Parish Wizards
60.5%
Warriors
16.1%
Celtics
2.4%
Bulls
11.3%
Alonzo Mourning Wizards
60.5%
Hornets
6.5%
Heat
0%
Nets
22.6%
AC Green Bucks
59.7%
Suns
10.5%
Lakers
2.4%
Mavericks
16.1%
Chauncey Billups Magic
58.9%
Nuggets
8.1%
Pistons
3.2%
Timberwolves
23.4%
Chris Webber Clippers
56.5%
Warriors
3.2%
Kings
4%
Pistons
28.2%
Ralph Sampson Lakers
52.4%
Rockets
3.2%
Warriors
15.3%
Kings
21.8%
Shawn Kemp Hawks
52.4%
Cavaliers
9.7%
Sonics
1.6%
Trail Blazers
30.6%
Bernard King Rockets
50.8%
Nets
9.7%
Warriors
21.8%
Knicks
9.7%
Mitch Richmond Heat
47.6%
Warriors
7.3%
Kings
4%
Wizards
30.6%
Mark Aguirre Warriors
44.4%
Mavericks
12.1%
Pistons
10.5%
Clippers
25%
Rick Barry Pistons
40.3%
Warriors
4%
Nets
32.3%
Rockets
13.7%
Alex English Spurs
36.3%
Bucks
27.4%
Pacers
25%
Nuggets
2.4%
Adrian Dantley Suns
31.5%
Lakers
33.9%
Jazz
6.5%
Bucks
21.8%
Artis Gilmore Nets
30.6%
Bulls
5.6%
Spurs
7.3%
Celtics
46.8%

You're not logged in!

Compare scores with friends on all Sporcle quizzes.
Join for Free
OR
Log In

You Might Also Like...

Show Comments

Extras

Top Quizzes Today


Score Distribution

Your Account Isn't Verified!

In order to create a playlist on Sporcle, you need to verify the email address you used during registration. Go to your Sporcle Settings to finish the process.

Report this User

Report this user for behavior that violates our Community Guidelines.

Details: